|
|
|
|
| LEADER |
01115nam a2200265 a 4500 |
| 001 |
12370118 |
| 008 |
110611t20062001mau b 001 0 eng |
| 010 |
|
|
|a 2001022851
|
| 020 |
|
|
|a 8177589083
|
| 020 |
|
|
|a 0201749629 (pbk. : recycled paper)
|
| 040 |
|
|
|a DLC
|c DLC
|d DLC
|d BD-DhAAL
|
| 042 |
|
|
|a pcc
|
| 082 |
0 |
0 |
|a 005.13/3
|2 21
|
| 100 |
1 |
|
|a Meyers, Scott
|q (Scott Douglas)
|
| 245 |
1 |
0 |
|a Effective STL :
|b 50 specific ways to improve your use of the standard template library /
|c Scott Meyers.
|
| 260 |
|
|
|a Boston :
|b Addison-Wesley ;
|a New Delhi :
|b Pearson Education,
|c c2001 [impression 2006].
|
| 300 |
|
|
|a xviii, 260 p. ;
|c 24 cm.
|
| 490 |
0 |
|
|a Addison-Wesley professional computing series
|
| 504 |
|
|
|a Includes bibliographical references (p. [225]-228) and index.
|
| 541 |
|
|
|e 00021794
|
| 650 |
|
0 |
|a C++ (Computer program language)
|
| 630 |
0 |
0 |
|a Standard template library.
|
| 852 |
1 |
|
|a Ayesha Abed Library
|c General Shelf.
|
| 999 |
|
|
|c 10961
|d 10961
|
| 952 |
|
|
|0 0
|1 0
|2 ddc
|4 0
|6 005_133000000000000_MEY
|7 0
|9 17167
|a BRACUL
|b BRACUL
|c GEN
|d 2011-06-06
|e Trim Education
|l 0
|o 005.133 MEY
|p 3010021794
|r 2011-06-11
|t 1
|w 2011-06-11
|y BK
|